A lőcsei papkisasszony Elbeszélés a XVII-ik század ötvenes éveiből

Bibliographic Details
Main Author: Nagy, Andor (Author)
Corporate Author: Szepesvármegyei közigazgatási könyvnyomda (Levoča, Slovensko) (Printer)
Format: Book
Language:Hungarian
PhysicalDescription:88 s. 15 cm
Published: Lőcsén Nyom. Szepesvármegyei Közig. könyvnyomdában 1905
Subjects:

MARC

LEADER 00000nam a2200000 a 4500
001 vtls008701908
003 SK-MaSNL
005 20260301165516.0
008 240318 1905 xo a 000 0 hun
020 |q (viaz.) 
040 |a SNK  |b slo  |c SNK  |e AACR2 
041 0 |a hun 
044 |a xo  |c SK 
080 |a 821.511.141  |2 2009 
100 1 |a Nagy, Andor  |4 aut  |9 534349 
245 1 0 |a A lőcsei papkisasszony  |b Elbeszélés a XVII-ik század ötvenes éveiből  |c Nagy Andor 
260 |a Lőcsén  |b Nyom. Szepesvármegyei Közig. könyvnyomdában  |c 1905 
300 |a 88 s.  |c 15 cm 
500 |a Ozdobné linky nad textom 
500 |a Venovanie 
650 0 7 |a maďarská literatúra  |2 SNKPH  |9 1193 
655 7 |a novely  |2 SNKPH  |9 74277 
710 2 |a Szepesvármegyei közigazgatási könyvnyomda (Levoča, Slovensko)  |4 prt  |9 534350 
752 |a Slovensko  |d Levoča 
852 |a snk  |b SNK  |p SD 13719 D1 
958 |a ONDV 
999 |c 824513  |d 826443 
952 |a SNK  |b SNK  |y PREZ  |7 0  |p 17A0507546  |o snkSD 13719  |i snk3931/57  |3 rekatalogizácia  |0 0  |1 0  |4 0  |d 2006-05-18  |l 0  |r 2025-11-27 00:00:00  |w 2026-02-24 
952 |a SNK  |b SNK  |y PREZ  |7 0  |p 17A1135803  |o snkSD 13719 D1  |i snkK 1521/74  |8 3  |0 0  |1 0  |4 0  |d 2015-01-22  |l 0  |r 2026-02-24 03:17:09  |w 2026-02-24